| 000 | 01109cab a22002175a 4500 | ||
|---|---|---|---|
| 001 | L158254 | ||
| 008 | 141113e20141108xxk 000 0 eng d | ||
| 035 | _a(Sirsi) u158254 | ||
| 041 | 0 | _aeng | |
| 100 | 1 | _aSeitler, Jonathan | |
| 245 | 0 | 0 | _aClarity on qualifying works |
| 260 | _c2014 | ||
| 490 |
_aEstates Gazette _v(1445) 8 November 2014, 108-110(3) |
||
| 520 | _aExplains why the Court of Appeal decision in Phillips v Francis is positive news for landlords and tenants. This decision provides clarity on the questions of what the £250 tenant thresold relates to for the purposes of consultation with residential tenants under the Landlord and Tenant Act 1985. The Court has confirmed that a single set of qualifying works should be determined in a common sense way regarding whether items of work are subject to the same contract, done at more or less the same time or are otherwise connected or of similar character. | ||
| 590 | _aKA | ||
| 650 | 2 | 4 | _aSERVICE CHARGES |
| 650 | 2 | 4 | _aPHILLIPS V FRANCIS |
| 690 |
_aLandlord and tenant _96252 |
||
| 690 |
_aResidential property _96266 |
||
| 942 | _n0 | ||
| 999 |
_c84547 _d84547 |
||